Daily Country Riddle #14 - Statistics

General Stats
  • This quiz has been taken 646 times
  • The average score is 8 of 9
Answer Stats
Type Answer % Correct
Found Letter A
100%
Correctly Placed Letter A
95%
Found Letter O
92%
Found Letter M
90%
Correctly Placed Letter N
90%
Found Letter N
90%
Correctly Placed Letter M
87%
Correctly Placed Letter O
87%
Answer Oman
87%
No matching quizzes found
Score Distribution
Percent of People with Each Score
Percentile by Number Answered
Your Score History
You have not taken this quiz